Quizzes
Events
Quiz Creation
Community
Videos
Private Events
Remove Ads
Sign In
Join for FREE
Feedback
Dark Mode
Quiz Categories
Sports
Geography
Music
Movies
Television
Just For Fun
Miscellaneous
History
Literature
Language
Science
Gaming
Entertainment
Religion
Holiday
For Kids
Quiz Lab
Recent
Popular Today
Quiz Kudos Today
Editor Picks
Curator Picks
Quizzes by...
Day
Popularity
Type
Ratings
Length
Year
Community
Subscriptions
Recent Discussions
Orange Saloon
Badges
Playlists
Quests
Create
Leaderboards
Showdown
Live 5
Trivia Bingo
Activity
Puzzle Library
Sporcle Events
Private Events
Virtual Trivia
Globe League
Become a Host
Pub Owners
SporcleCon
Opinionation
Our Games
Videos
Blog
Mobile Apps
Partnerships
Remove Ads and Go Orange
Feedback
Sports
Athletes
MLB
NBA
NHL
NFL
Soccer
Sports Teams
WWE
NCAA
Football
Premier League
Basketball
Baseball
Hockey
Golf
Tennis
Cricket
Rugby
Auto Racing
Olympics
World Cup
Sports
Athletes
MLB
NBA
NHL
NFL
Soccer
Sports Teams
WWE
NCAA
Football
Premier League
Basketball
Baseball
Hockey
Golf
Tennis
Cricket
Rugby
Auto Racing
Olympics
World Cup
Random Quiz
Search Sporcle
×
Quiz Lab
Quiz Lab
Sports
WWE
Type in answers that appear in a list
Type in answers that appear in a list
Classic
Best Score? Go Orange.
Intercontinental Championship PPV Matches Since 2005 Stats
Can you name the wrestlers who have fought for the WWE Intercontinental Championship since 2005 on PPV or WWE Network Event?
By
jrock826
13m
268 Questions
366 Plays
366 Plays
366 Plays
Comments
Comments
Give Quiz Kudos
Give Quiz Kudos
-
- Ratings
hide this ad
Replay
Link that replays current quiz
Next Quiz
Link to next quiz in quiz playlist
You Got
0%
They Got
Avg Score
54%
Avg Friend Score
Upgrade to see
Score Distribution
Jump to the score distribution portion of the page
Score
0/268
Timer
13:00
0
Plays Today
Event
Wrestlers
% Correct
Clash at the Castle 2022
Sheamus
100%
WrestleMania 39
Gunther
100%
WrestleMania 39
Sheamus
100%
WrestleMania 39
Drew McIntyre
100%
Money in the Bank 2023
Gunther
100%
Money in the Bank 2023
Matt Riddle
100%
SummerSlam 2023
Gunther
100%
SummerSlam 2023
Drew McIntyre
100%
Survivor Series 2023
Gunther
100%
Survivor Series 2023
The Miz
100%
Battleground 2014
Dolph Ziggler
98.3%
SummerSlam 2014
Dolph Ziggler
98.3%
Night of Champions 2014
Dolph Ziggler
98.3%
Hell in a Cell 2014
Dolph Ziggler
98.3%
TLC 2014
Dolph Ziggler
98.2%
WrestleMania 31
Dolph Ziggler
98.2%
Extreme Rules 2017
The Miz
98.1%
Elimination Chamber 2015
Dolph Ziggler
98.1%
Great Balls of Fire 2017
The Miz
98.1%
SummerSlam 2012
The Miz
98.1%
Night of Champions 2012
The Miz
98.1%
Hell in a Cell 2012
The Miz
98.1%
WrestleMania 29
The Miz
98.1%
Payback 2013
The Miz
98.1%
Money in the Bank 2013
The Miz
98.1%
SummerSlam 2015
The Miz
98.1%
No Mercy 2017
The Miz
98%
Fastlane 2016
Dolph Ziggler
97.8%
Battleground 2014
The Miz
97.8%
SummerSlam 2014
The Miz
97.8%
Night of Champions 2014
The Miz
97.8%
WrestleMania 34
The Miz
97.7%
Greatest Royal Rumble 2018
The Miz
97.7%
Backlash 2018
The Miz
97.7%
WrestleMania 32
Dolph Ziggler
97.7%
WrestleMania 32
The Miz
97.7%
Payback 2016
The Miz
97.7%
Extreme Rules 2016
The Miz
97.7%
Fastlane 2014
Bad News Barrett
97.6%
Backlash 2005
Chris Jericho
97.5%
Night of Champions 2008
Chris Jericho
97.5%
Judgment Day 2009
Chris Jericho
97.5%
Extreme Rules 2009
Chris Jericho
97.5%
The Bash 2009
Chris Jericho
97.5%
Elimination Chamber 2015
King Barrett
97.5%
Battleground 2016
The Miz
97.5%
SummerSlam 2016
The Miz
97.5%
Backlash 2016
The Miz
97.5%
Backlash 2016
Dolph Ziggler
97.5%
No Mercy 2016
The Miz
97.4%
No Mercy 2016
Dolph Ziggler
97.4%
Survivor Series 2016
The Miz
97.4%
Roadblock: End of the Line 2016
The Miz
97.4%
Roadblock: End of the Line 2016
Dolph Ziggler
97.4%
TLC 2016
The Miz
97.4%
TLC 2016
Dolph Ziggler
97.4%
Hell in a Cell 2015
Kevin Owens
97.3%
TLC 2015
Kevin Owens
97.2%
Extreme Rules 2014
Bad News Barrett
97.2%
Payback 2014
Bad News Barrett
97.2%
WWE Live from Madison Square Garden
Chris Jericho
97.1%
WWE Live from Madison Square Garden
Kevin Owens
97.1%
Royal Rumble 2016
Kevin Owens
97.1%
Fastlane 2016
Kevin Owens
97.1%
Fastlane 2014
Dean Ambrose
97%
WrestleMania 31
Bad News Barrett
97%
WrestleMania 31
Dean Ambrose
97%
WrestleMania 32
Kevin Owens
96.9%
Extreme Rules 2016
Kevin Owens
96.9%
Clash of Champions 2019
The Miz
96.9%
Night of Champions 2015
Kevin Owens
96.7%
TLC 2015
Dean Ambrose
96.5%
Night of Champions 2008
Kofi Kingston
96.4%
SummerSlam 2008
Kofi Kingston
96.4%
Over the Limit 2010
Kofi Kingston
96.4%
Fatal 4-
Way 2010
Kofi Kingston
96.4%
SummerSlam 2010
Kofi Kingston
96.4%
Night of Champions 2010
Kofi Kingston
96.4%
TLC 2011
Kofi Kingston
96.4%
Hell in a Cell 2012
Kofi Kingston
96.4%
TLC 2012
Kofi Kingston
96.4%
WrestleMania 33
Dean Ambrose
96.4%
Extreme Rules 2018
Dolph Ziggler
96.3%
SummerSlam 2018
Dolph Ziggler
96.3%
Royal Rumble 2016
Dean Ambrose
96.3%
Extreme Rules 2017
Dean Ambrose
96.3%
Great Balls of Fire 2017
Dean Ambrose
96.3%
WrestleMania 32
Zack Ryder
96.1%
Payback 2016
Cesaro
96.1%
Extreme Rules 2016
Cesaro
96.1%
Event
Wrestlers
% Correct
Night of Champions 2013
Kofi Kingston
96.1%
WrestleMania 31
Stardust
95.8%
Unforgiven 2006
Jeff Hardy
95.6%
Cyber Sunday 2006
Jeff Hardy
95.6%
New Year's Revolution 2007
Jeff Hardy
95.6%
The Great American Bash 2007
Jeff Hardy
95.6%
WrestleMania XXV
Rey Mysterio
95.6%
Judgment Day 2009
Rey Mysterio
95.6%
Extreme Rules 2009
Rey Mysterio
95.6%
The Bash 2009
Rey Mysterio
95.6%
Night of Champions 2009
Rey Mysterio
95.6%
SummerSlam 2009
Rey Mysterio
95.6%
SummerSlam 2012
Rey Mysterio
95.6%
Night of Champions 2012
Rey Mysterio
95.6%
Money in the Bank 2015
Big Show
95.6%
Survivor Series 2016
Sami Zayn
95.6%
SummerSlam 2015
Big Show
95.5%
Over the Limit 2011
Wade Barrett
95.4%
Capitol Punishment 2011
Wade Barrett
95.4%
TLC 2012
Wade Barrett
95.4%
WrestleMania 29
Wade Barrett
95.4%
Payback 2013
Wade Barrett
95.4%
WrestleMania 32
Sami Zayn
95.3%
WrestleMania 32
Stardust
95.3%
Extreme Rules 2016
Sami Zayn
95.3%
Clash of Champions 2020
Jeff Hardy
95.2%
Elimination Chamber 2015
Ryback
95%
Money in the Bank 2015
Ryback
95%
Battleground 2014
Kofi Kingston
94.9%
SummerSlam 2015
Ryback
94.9%
Night of Champions 2015
Ryback
94.7%
Starrcade 2018
Dean Ambrose
94.7%
TLC 2018
Dean Ambrose
94.7%
Elimination Chamber 2019
Bobby Lashley
94.7%
Hell in a Cell 2015
Ryback
94.6%
TLC 2014
Luke Harper
94.5%
WrestleMania 31
Daniel Bryan
94.5%
WrestleMania 31
R-Truth
94.5%
WrestleMania 31
Luke Harper
94.5%
Night of Champions 2011
Cody Rhodes
94.5%
Hell in a Cell 2011
Cody Rhodes
94.5%
TLC 2011
Cody Rhodes
94.5%
Wrestlemania XXVIII
Cody Rhodes
94.5%
Extreme Rules 2012
Cody Rhodes
94.5%
Over the Limit 2012
Cody Rhodes
94.5%
No Way Out 2012
Cody Rhodes
94.5%
Night of Champions 2012
Cody Rhodes
94.5%
WrestleMania 35
Bobby Lashley
94.5%
Clash at the Castle 2022
Gunther
94.4%
Elimination Chamber 2015
R-Truth
94.4%
Battleground 2014
Cesaro
94.4%
Hell in a Cell 2014
Cesaro
94.4%
WrestleMania 34
Seth Rollins
94.3%
Greatest Royal Rumble 2018
Seth Rollins
94.3%
Backlash 2018
Seth Rollins
94.3%
Money in the Bank 2018
Seth Rollins
94%
Extreme Rules 2018
Seth Rollins
93.9%
SummerSlam 2018
Seth Rollins
93.9%
Elimination Chamber 2015
Sheamus
93.8%
Fastlane 2021
Big E
93.8%
WrestleMania 37
Big E
93.8%
Wrestlemania XXVIII
Big Show
93.7%
Extreme Rules 2012
Big Show
93.7%
WrestleMania XXV
John 'Bradshaw' Layfield
93.4%
Night of Champions 2009
Dolph Ziggler
93.4%
SummerSlam 2009
Dolph Ziggler
93.4%
Hell in a Cell 2009
Dolph Ziggler
93.4%
SummerSlam 2010
Dolph Ziggler
93.4%
Night of Champions 2010
Dolph Ziggler
93.4%
Survivor Series 2010
Dolph Ziggler
93.4%
TLC 2011
Dolph Ziggler
93.4%
Starrcade 2018
Seth Rollins
93.3%
TLC 2018
Seth Rollins
93.3%
Battleground 2014
Sheamus
93.3%
Battleground 2014
R-Truth
93.3%
Elimination Chamber 2020
Sami Zayn
93.2%
Elimination Chamber 2020
Cesaro
93.2%
WrestleMania 34
Finn Balor
93.2%
Greatest Royal Rumble 2018
Finn Balor
93.1%
WrestleMania 36
Sami Zayn
93%
WrestleMania 36
Daniel Bryan
93%
Vengeance 2006
Johnny Nitro
92.9%
Unforgiven 2006
Johnny Nitro
92.9%
New Year's Revolution 2007
Johnny Nitro
92.9%
Hell in a Cell 2009
John Morrison
92.9%
TLC 2009
John Morrison
92.9%
Hell in a Cell 2011
John Morrison
92.9%
Clash of Champions 2020
Sami Zayn
92.9%
Battleground 2014
Ryback
92.7%
New Year's Revolution 2005
Shelton Benjamin
92.3%
Event
Wrestlers
% Correct
New Year's Revolution 2005
Shelton Benjamin
92.3%
Backlash 2005
Shelton Benjamin
92.3%
Vengeance 2005
Shelton Benjamin
92.3%
Backlash 2006
Shelton Benjamin
92.3%
Vengeance 2006
Shelton Benjamin
92.3%
Elimination Chamber 2019
Finn Balor
92%
WrestleMania 35
Finn Balor
91.8%
Super ShowDown 2019
Finn Balor
91.5%
Extreme Rules 2019
Finn Balor
91.2%
Extreme Rules 2019
Shinsuke Nakamura
91.2%
Elimination Chamber 2015
Mark Henry
90.7%
Clash of Champions 2019
Shinsuke Nakamura
90.6%
Unforgiven 2005
Ric Flair
90.4%
Taboo Tuesday 2005
Ric Flair
90.4%
New Year's Revolution 2006
Ric Flair
90.4%
Vengeance 2005
Carlito
90.2%
Unforgiven 2005
Carlito
90.2%
Vengeance 2006
Carlito
90.2%
Cyber Sunday 2006
Carlito
90.2%
SummerSlam 2007
Carlito
90.2%
Survivor Series 2013
Big E Langston
90%
TLC 2013
Big E Langston
90%
Vengeance: Night of Champions 2007
Umaga
89.9%
The Great American Bash 2007
Umaga
89.9%
SummerSlam 2007
Umaga
89.9%
Elimination Chamber 2020
Shinsuke Nakamura
89.8%
Over the Limit 2012
Christian
89.6%
No Way Out 2012
Christian
89.6%
Vengeance: Night of Champions 2007
Santino Marella
89.3%
SummerSlam 2008
Santino Marella
89.3%
Cyber Sunday 2008
Santino Marella
89.3%
Battleground 2014
Zack Ryder
89.3%
WrestleMania 33
Baron Corbin
89.1%
New Year's Revolution 2006
Edge
89.1%
Elimination Chamber 2014
Big E
88.8%
Extreme Rules 2014
Big E
88.8%
Battleground 2014
Big E
88.8%
WrestleMania 32
Sin Cara
88.3%
Payback 2014
Rob Van Dam
88.2%
Elimination Chamber 2010
Kane
88%
Payback 2013
Curtis Axel
87.7%
Money in the Bank 2013
Curtis Axel
87.7%
Battleground 2014
Sin Cara
87.1%
Night of Champions 2013
Curtis Axel
87%
Battleground 2013
Curtis Axel
87%
Survivor Series 2013
Curtis Axel
87%
Elimination Chamber 2020
Braun Strowman
86.4%
Greatest Royal Rumble 2018
Samoa Joe
86.2%
Clash of Champions 2020
AJ Styles
85.7%
Battleground 2013
R-Truth
85.5%
Elimination Chamber 2014
Jack Swagger
84.8%
Battleground 2014
Curtis Axel
84.8%
Backlash 2006
Rob Van Dam
84.4%
Night of Champions 2011
Ted DiBiase
82.8%
TLC 2009
Drew McIntyre
82.5%
Elimination Chamber 2010
Drew McIntyre
82.5%
Over the Limit 2010
Drew McIntyre
82.5%
Fatal 4-
Way 2010
Drew McIntyre
82.5%
TLC 2011
Jack Swagger
81.4%
Fastlane 2021
Apollo Crews
81.3%
WrestleMania 37
Apollo Crews
81.3%
Over the Limit 2011
Ezekiel Jackson
80.1%
Capitol Punishment 2011
Ezekiel Jackson
80.1%
Battleground 2016
Darren Young
78.5%
SummerSlam 2016
Apollo Crews
78.2%
Taboo Tuesday 2005
Triple H
77%
No Mercy 2017
Jason Jordan
75.5%
Elimination Chamber 2019
Lio Rush
74.7%
Night of Champions 2012
Sin Cara
74.3%
SummerSlam 2007
Mr. Kennedy
73%
Money in the Bank 2018
Elias
72.6%
TLC 2011
Booker T
72.1%
TLC 2013
Damien Sandow
68.6%
Battleground 2014
Heath Slater
68.5%
Battleground 2014
Damien Sandow
68.5%
Super ShowDown 2019
Andrade
64.8%
SummerSlam 2008
Beth Phoenix
63.7%
SummerSlam 2008
Mickie James
61.5%
Battleground 2014
Xavier Woods
60.7%
New Year's Revolution 2005
Maven
60.7%
New Year's Revolution 2005
Maven
60.7%
Battleground 2014
The Great Khali
59%
Battleground 2014
Titus O'Neil
57.9%
Cyber Sunday 2008
Honky Tonk Man
56.6%
Survivor Series 2010
Kaval
56.6%
Battleground 2014
Bo Dallas
54.5%
Battleground 2014
Alberto Del Rio
52.2%
Battleground 2014
Diego
37.6%
Quiz Playlist
Details
Report
Send in Message
Add To Playlist
Classic:
Type in answers that appear in a list
Last Updated: Jul 10, 2017
Quiz Scoreboard
CHALLENGE
Sign Up to Join the Scoreboard
Show All
Scores
Hide
Comments
May contain spoilers
Recently Published
Billboard Blitz: Fleetwood Mac
by CooCooCachoo
Music
15s
Presidents Visiting Landmarks
by Hejman
History
7m
An Introduction to Baseball
by treessimontrees
Sports
5m
More to Explore
Quiz From the Vault
Featured Blog Post
Where Did the Easter Bunny Come From?
hide this ad
You Might Also Like...
Tags
WWE Quiz
Intercontinental
Intercontinental Championships
Intercontinental Champs
PPV
PPV Matches
Today's Top Quizzes in Sports
Browse Sports
hide this ad
Today's Top Quizzes in WWE
Browse WWE
Top Contributed Quizzes in Sports
1
Les meilleurs buteurs des matchs entre le PSG et l’OM
2
2022 World Cup Stars
3
FIFA Club World Cup Champions
4
Les entraîneurs de l'OM et du PSG au 21e siècle
5
Criteria MLB: Left Handed Sluggers
6
Name the Premier League winners with different clubs
7
5-to-1: UK Sports Teams
8
AFC Teams Reveal (Wrong Answers Minefield)
9
Players with Multiple 50 Home Run Seasons
10
5-to-1: FBS Animal Nicknames
Explore More
Trending Topics
Harry Potter
Disney
Crossword
Anime
Kpop
NBA
Marvel
Song
WWE
Puzzle
Pokémon
NFL
The Office
Country
Soccer
hide this ad
More By:
jrock826
Quiz
Plays
Rating
Category
Featured
Created
World Heavyweight Champions (Clickable)
36,202
2.38
Sports
Mar 29, 2012
Randy Orton WWE PPV/Network Event Opponents
10,780
3.21
Sports
Feb 16, 2011
NBA Eastern Conference PPG Team Leaders 2000-2019
10,368
4.80
Sports
Jan 29, 2015
Top 100 MLB Players of 2018
9,783
4.33
Sports
Feb 15, 2018
NFL Random Trivia (2005-15)
8,075
3.30
Sports
Nov 14, 2014
Go to Creator's Profile
Score Distribution
Quiz Creator Spotlight
jrock826
Follow
Send a Message
Quizzes Created
-
Created Quiz Play Count
-
More By This Creator
Popular Quizzes Today
1
Find the US States - No Outlines Minefield
2
Find the Countries of Europe - No Outlines Minefield
3
The Countries of the World
4
Find the US States
5
Risky Map Clicking: Biggest States A-Z
6
US States
7
Popular People in 1961
8
Movies - When Are They Set?
More Sports Quizzes
Oldest in Sports
Published
Trending Quizzes
Risky Map Clicking: Least Populous States A-Z
1-10 Letter G Words
1-10 Letter F Words
Risky Map Clicking: Next State Alphabetically
Risky Map Clicking: Biggest States A-Z
Recently Updated
Leaping Animals
pecheneg
Reality TV Shows (A-Z)
bhenderson79
Rickey Henderson's Hall of Fame Teammates
pecheneg
Champions League XIs: Arsenal
pecheneg
Quick Pick: Celebrities in WWE's Hall of Fame
aduchscher
A-Z Keypad Blitz II
pecheneg
Multiple Oscar Actors
pecheneg
Mystery Phrase Blitz: Oscar 'Best Actors'
pecheneg
F. Scott Fitzgerald Novels
LTH
Pick 3 Villains
ddd62291
Trending Topics
Crossword
Disney
NBA
Marvel
Harry Potter
Anime
Kpop
Pokémon
Puzzle
The Office
Soccer
NFL
WWE
Song
Country
Your Account Isn't Verified!
In order to create a playlist on Sporcle, you need to verify the email address you used during registration. Go to your
Sporcle Settings
to finish the process.
Report this User
Report this user for behavior that violates our
Community Guidelines
.
Details:
Send Report
Go to the Sporcle.com Mobile Site →
Comments